Como viviam os Astecas (Registo nº 714)

Detalhes MARC
000 -Etiqueta do registo
Cabeçalho 01651nam0a22002891 4500
005 - Identificador da versão
Campo de controlo 20240813121810.0
010 ## - Número internacional normalizado dos livros (ISBN)
Número (ISBN) 9726505372
021 ## - Número do Depósito Legal
Código do país PT
Número 940509
035 ## - Other System Control Numbers
System Control Number 0000744
System Control Number 0000739
System Control Number 0000739
System Control Number 0000727
100 ## - Dados gerais de processamento
Dados gerais de processamento 20070925d2000 a e0pory5003 ba
102 ## - Pais de publicação ou produção
País de publicação Portugal
101 1# - Língua de publicação
Língua do texto, banda sonora, etc. Português
Língua do documento no original Inglês
106 ## - Campo de dados codificados: material textual
Dados codificados do material textual r
105 ## - Campo de dados codificados: livros
Dados codificados dos livros a z 001yy
215 ## - Descrição física 
Indicação específica da natureza do documento e extensão da espécie 32 p.
Outras indicações físicas il.
Dimensões cm
200 1# - Titulo e menção de responsabilidade
Título próprio Como viviam os Astecas
225 2# - Colecção 
Título próprio da colecção Civilizações Antigas
Menção de responsabilidade relativa à colecção Guilherme de Almeida
205 ## - Menção da edição
Menção da edição 1ª ed
210 ## - Publicação, Distribuição, etc. 
Lugar da edição, distribuição, etc. Lisboa
Nome do editor, distribuidor, etc. Didáctica Editora
Data da publicação, distribuição, etc. 2000
675 ## - Classificação Decimal Universal (CDU)
Notação
942 ## - Elementos de entrada adicionados (Koha)
Tipo de item no Koha Livro
Exemplares
Situação do levantamento Origin of item (home branch) (coded) Biblioteca de empréstimo Código de barras Circulation type (not for loan) Tipo de documento Nota do exemplar Damaged status
  Biblioteca Escolar Eng. Nuno Mergulhão Biblioteca Escolar Eng. Nuno Mergulhão BENM1206   Livro Sem mensagem